000 00412 a2200157 4500
999 _c9050
_d9050
020 _a9780421930001
050 _aKF4764CON2006
100 _aConnolly , Michael
_eauthor
245 _aDiscrimination Law /
_cMichael Connoly
250 _a1st ed
264 _aLondon:
_bSweet and Maxwell,
_c2006
300 _a419p. ;
500 _aincludes index
650 _adiscrimination law
942 _2lcc
_cBK
_h4764
_iCON
_kKF